Ryan Reynolds Movies - Statistics

General Stats
  • This quiz has been taken 17 times
  • The average score is 6 of 20
Answer Stats
Release Year Costars Movie % Correct
2016 Morena Baccarin, Gina Carano Deadpool
94%
2021 Dwayne Johnson, Gal Gadot Red Notice
59%
2009 Sandra Bullock, Betty White The Proposal
59%
2017 Samuel L. Jackson, Salma Hayek The Hitman's Bodyguard
53%
2011 Michael Clarke Duncan, Tim Robbins Green Lantern
47%
2022 Zoe Saldana, Mark Ruffalo The Adam Project
41%
2004 Wesley Snipes, Jessica Alba Blade Trinity
29%
2021 Jodie Comer, Lil Rey Howery Free Guy
29%
2013 Paul Giamatti, Snoop Dogg Turbo
24%
2005 Anna Faris, Luiz Guzman Waiting
24%
2019 Melanie Laurent, Dave Franco 6 Underground
18%
2015 Ben Kingsley, Victor Garber Self/Less
18%
2013 Nicolas Cage, Emma Stone The Croods
18%
2009 Jesse Eisenberg, Kristen Stewart Adventureland
12%
2010 Robert Paterson, Samantha Mathis Buried
12%
2006 Ben Affleck, Andy Garcia Smokin' Aces
12%
2017 Jake Gyllenhaal, Rebecca Ferguson Life
6%
2019 Bill Nighy, Ken Watanabe Pokemon Detective Pikachu
6%
2012 Denzel Washington, Brendan Gleeson Safe House
6%
2005 Melissa George, Chloe Grace Moretz The Amityville Horror
0%
No matching quizzes found
Score Distribution
Percent of People with Each Score
Percentile by Number Answered
Your Score History
You have not taken this quiz